रोल्ड डाल/ (Record no. 201862)
[ view plain ]
| 000 -LEADER | |
|---|---|
| fixed length control field | 00826nam a22002177a 4500 |
| 005 - DATE AND TIME OF LATEST TRANSACTION | |
| control field | 20240401170140.0 |
| 010 ## - LCCN (DPL NO) | |
| LC control number | HIN-127181 |
| 020 ## - INTERNATIONAL STANDARD BOOK NUMBER | |
| International Standard Book Number | 9789355434227 |
| Terms of availability | 350.00 |
| 035 ## - SYSTEM CONTROL NUMBER | |
| System control number | HN-99527 |
| 037 ## - SOURCE OF ACQUISITION | |
| Source of stock number/acquisition | DBAD/PUB. |
| 082 ## - DEWEY DECIMAL CLASSIFICATION NUMBER | |
| Classification number | क |
| 100 ## - MAIN ENTRY--PERSONAL NAME | |
| Personal name | मटिल्डा |
| 245 ## - TITLE STATEMENT | |
| Title | रोल्ड डाल/ |
| Statement of responsibility, etc | मटिल्डा;मृणालिनी पाण्डेय द्वारा अनुवादित |
| 250 ## - EDITION STATEMENT | |
| Edition statement | 1 |
| 260 ## - PUBLICATION, DISTRIBUTION, ETC. (IMPRINT) | |
| Place of publication, distribution, etc | Bhopal |
| Name of publisher, distributor, etc | Manjul publishing house |
| Date of publication, distribution, etc | 2023 |
| 270 ## - ADDRESS | |
| Address | 2nd floor usha preet complex 42 malviya nagar |
| City | Bhopal |
| Postal code | 462003 |
| 300 ## - PHYSICAL DESCRIPTION | |
| Extent | 246 पृ; |
| Dimensions | 20 सेमी (अजिल्द) |
| 700 ## - ADDED ENTRY--PERSONAL NAME | |
| 9 (RLIN) | 63915 |
| 710 ## - ADDED ENTRY--CORPORATE NAME | |
| 9 (RLIN) | 64107 |
| Corporate name or jurisdiction name as entry element | मृणालिनी पाण्डेय [अनुवादक] |
| 942 ## - ADDED ENTRY ELEMENTS (KOHA) | |
| Institution code [OBSOLETE] | dpl |
| Item type | Hindi Books |
| Source of classification or shelving scheme | Dewey Decimal Classification |
| Classification part | क |
| Call number suffix | मटिल्डा |
| Withdrawn status | Lost status | Not for loan | Collection code | Home library | Current library | Date acquired | Source of acquisition | Cost, normal purchase price | Full call number | Barcode | Copy number | Cost, replacement price | Koha item type |
|---|---|---|---|---|---|---|---|---|---|---|---|---|---|
| Fiction | Bawana | Bawana | 01/04/2024 | DBAD/PUB | 350.00 | क मटिल्डा | HN-99527 | 1 | 350.00 | Hindi Books |
